| 000 | 00613nam a22001937a 4500 | ||
|---|---|---|---|
| 005 | 20240306151822.0 | ||
| 010 | _aENG-139564 | ||
| 020 |
_c2750.00 _a9788193368824 |
||
| 035 | _aEN-123096 | ||
| 037 | _bDBAD/PUB | ||
| 082 | _a577.680958 | ||
| 100 |
_aAshok Khemlani _962879 |
||
| 245 |
_aFacade Access System/ _cEdited by Ashok Khemlani _hEnglish |
||
| 260 |
_aumbai _bCleanindia Group _c2019 |
||
| 270 |
_bMumbai _a217,Hindi Service Industries Near Shivaji Park Sea Face _e400028 |
||
| 300 |
_a523p. _c30cm(hbk) |
||
| 700 |
_aAshok Khemlani _eAuthor _962854 |
||
| 942 |
_2ddc _cEN _h693.82 _mFAC |
||
| 999 |
_c201260 _d201260 |
||